[Event "Gibraltar Masters 10th"]
[Site "Caleta"]
[Date "2012.01.31"]
[Round "8"]
[White "Dasaolu, Adeoye"]
[Black "Lochte, Szilvia"]
[Result "1-0"]
[WhiteElo "2103"]
[BlackElo "1956"]
[PlyCount "75"]
[EventDate "2012.01.24"]
[EventType "swiss"]
[EventRounds "10"]
[EventCountry "GGB"]
[SourceTitle "CBM 147"]
[Source "ChessBase"]
[SourceDate "2012.03.16"]
[SourceVersion "1"]
[SourceVersionDate "2012.03.16"]
[SourceQuality "1"]

1. d4 Nf6 2. Nf3 e6 3. Bg5 h6 4. Bh4 c5 5. c3 b6 6. Nbd2 Bb7 7. e3 Be7 8. Bd3 d6 9. 0-0 Nbd7 10. Qe2 0-0 11. h3 Rc8 12. Bg3 d5 13. Ne5 Nxe5 14. Bxe5 Bd6 15. f4 Qe7 16. Rae1 Nd7 17. e4 cxd4 18. Bxd6 Qxd6 19. e5 Qc5 20. Nb3 Qe7 21. Nxd4 Nc5 22. f5 exf5 23. Nxf5 Qg5 24. h4 Qd8 25. Nxh6+ gxh6 26. Qg4+ Kh8 27. Rf6 Rc6 28. Qf4 Nxd3 29. Qxh6+ Kg8 30. Rxc6 Bxc6 31. Re3 Nxe5 32. Rxe5 f5 33. Qxc6 Qxh4 34. Qxd5+ Kg7 35. Re6 Rd8 36. Qe5+ Kg8 37. Rg6+ Kh7 38. Qg7# 1-0

[Event "Gibraltar Masters 10th"]
[Site "Caleta"]
[Date "2012.01.27"]
[Round "4"]
[White "Dasaolu, Adeoye"]
[Black "Nuri, Kambez"]
[Result "0-1"]
[WhiteElo "2103"]
[BlackElo "2256"]
[PlyCount "110"]
[EventDate "2012.01.24"]
[EventType "swiss"]
[EventRounds "10"]
[EventCountry "GGB"]
[SourceTitle "CBM 147"]
[Source "ChessBase"]
[SourceDate "2012.03.16"]
[SourceVersion "1"]
[SourceVersionDate "2012.03.16"]
[SourceQuality "1"]

1. Nf3 Nf6 2. d4 g6 3. c4 Bg7 4. Nc3 0-0 5. g3 d6 6. Bg2 Nbd7 7. 0-0 e5 8. h3 c6 9. e4 Re8 10. d5 c5 11. Ne1 Nh5 12. Nd3 Nb6 13. g4 Nf4 14. Nxf4 exf4 15. Bxf4 Nxc4 16. Qb3 Qf6 17. Bg3 Nd2 18. Qb5 Rd8 19. Rfd1 Nf3+ 20. Kh1 Nd4 21. Qd3 b5 22. f4 Qe7 23. Nxb5 Ba6 24. a4 Rab8 25. Ra2 Bxb5 26. axb5 Rxb5 27. Be1 Rb3 28. Bc3 Rdb8 29. Rda1 Nb5 30. e5 dxe5 31. d6 Qxd6 32. Qxd6 Nxd6 33. fxe5 Nb5 34. Rf1 Nxc3 35. bxc3 Bxe5 36. Bd5 Rb1 37. Bxf7+ Kg7 38. Bc4 R8b7 39. Rxb1 Rxb1+ 40. Kg2 Rb7 41. Bd5 Re7 42. c4 Kf6 43. h4 Bd4 44. Kf3 Bc3 45. Kf4 a5 46. g5+ Kg7 47. Kg4 Ra7 48. Re2 a4 49. Re8 h5+ 50. gxh6+ Kxh6 51. Be4 a3 52. Re6 Kg7 53. Rxg6+ Kf7 54. Kf5 a2 55. Bd5+ Kf8 0-1

[Event "Gibraltar Masters 10th"]
[Site "Caleta"]
[Date "2012.01.25"]
[Round "2"]
[White "Dasaolu, Adeoye"]
[Black "Montero Melendez, Rafael"]
[Result "1/2-1/2"]
[WhiteElo "2103"]
[BlackElo "2303"]
[PlyCount "156"]
[EventDate "2012.01.24"]
[EventType "swiss"]
[EventRounds "10"]
[EventCountry "GGB"]
[SourceTitle "CBM 147"]
[Source "ChessBase"]
[SourceDate "2012.03.16"]
[SourceVersion "1"]
[SourceVersionDate "2012.03.16"]
[SourceQuality "1"]

1. e4 e5 2. Nf3 Nc6 3. Bc4 Bc5 4. d3 Nf6 5. Bg5 h6 6. Bh4 d6 7. c3 g5 8. Bg3 Bg4 9. Nbd2 Bh5 10. b4 Bb6 11. a4 a5 12. Bb5 axb4 13. cxb4 0-0 14. Bxc6 bxc6 15. Qc2 Qd7 16. 0-0 Bxf3 17. Nxf3 Nh5 18. Qc4 Kh8 19. a5 Ba7 20. Rfc1 f5 21. exf5 Nxg3 22. hxg3 Qxf5 23. g4 Qf4 24. Ra2 e4 25. dxe4 Qxg4 26. Qxc6 Qf4 27. Rf1 Qf7 28. Rc2 Rac8 29. Qc3+ Kg8 30. Nd4 Bxd4 31. Qxd4 Qf4 32. Rc3 g4 33. b5 h5 34. Qd5+ Kg7 35. g3 Qf6 36. Re3 Rce8 37. Qxh5 Re5 38. Qxg4+ Rg5 39. Qd7+ Rf7 40. Qh3 Rxb5 41. a6 Ra5 42. Qg4+ Qg6 43. Qe2 Qh6 44. e5 dxe5 45. Rxe5 Rxa6 46. Re7 Raf6 47. Qe5 Rxe7 48. Qxe7+ Rf7 49. Qc5 Qd2 50. Qe5+ Kg6 51. Kg2 Qc2 52. g4 c5 53. Kg3 Qd3+ 54. Kg2 Qf3+ 55. Kg1 Qxg4+ 56. Qg3 Kf5 57. Qxg4+ Kxg4 58. Rc1 Rc7 59. Rc4+ Kf5 60. Kf1 Ke5 61. Ke2 Kd5 62. Rf4 c4 63. Kd2 Ra7 64. Rf5+ Kd4 65. Rf4+ Kc5 66. Kc3 Ra3+ 67. Kc2 Kb4 68. Rf8 Ra2+ 69. Kb1 Re2 70. Rf3 Kc5 71. Kc1 Kd4 72. Kd1 Ra2 73. Kc1 Ke4 74. Re3+ Kd5 75. Rf3 Kd4 76. Kb1 Re2 77. Kc1 c3 78. Rf8 Kd3 1/2-1/2

[Event "Gibraltar Challengers-A 10th"]
[Site "Caleta"]
[Date "2012.01.25"]
[Round "3"]
[White "Rowe, Duane"]
[Black "Dasaolu, Adeoye"]
[Result "1-0"]
[WhiteElo "2236"]
[BlackElo "2107"]
[PlyCount "33"]
[EventDate "2012.01.23"]
[EventType "swiss"]
[EventRounds "5"]
[EventCountry "GGB"]
[SourceTitle "CBM 146 Extra"]
[Source "ChessBase"]
[SourceDate "2012.02.29"]
[SourceVersion "1"]
[SourceVersionDate "2012.02.29"]
[SourceQuality "1"]

1. e4 d5 2. exd5 Qxd5 3. Nc3 Qd6 4. Be2 c5 5. Nf3 Nf6 6. 0-0 Nc6 7. d4 e6 8. Nb5 Qb8 9. g3 cxd4 10. Bf4 e5 11. Nxe5 Nxe5 12. Qxd4 Nfd7 13. Bg4 f6 14. Rfe1 h5 15. Bxd7+ Bxd7 16. Bxe5 fxe5 17. Rxe5+ 1-0

[Event "Gibraltar Masters 9th"]
[Site "Caleta"]
[Date "2011.01.31"]
[Round "7"]
[White "Georgieva, Emilia"]
[Black "Dasaolu, Adeoye"]
[Result "0-1"]
[WhiteElo "1907"]
[BlackElo "2107"]
[PlyCount "66"]
[EventDate "2011.01.25"]
[EventType "swiss"]
[EventRounds "10"]
[EventCountry "GGB"]
[SourceTitle "CBM 141"]
[Source "ChessBase"]
[SourceDate "2011.03.17"]
[SourceVersion "1"]
[SourceVersionDate "2011.03.17"]
[SourceQuality "1"]

1. d4 Nf6 2. Nf3 d5 3. Bg5 c6 4. c3 Qb6 5. Qb3 Bf5 6. Bxf6 gxf6 7. Nbd2 Nd7 8. e3 e5 9. Qxb6 axb6 10. Nh4 Be6 11. g3 b5 12. Bg2 e4 13. 0-0 Be7 14. f3 f5 15. fxe4 fxe4 16. Nf5 Bg5 17. Ng7+ Ke7 18. Rfe1 h5 19. Nxe6 fxe6 20. h3 Nb6 21. a3 Rhg8 22. Kh2 Raf8 23. Re2 Kd7 24. Rae1 Be7 25. Nb3 Bd6 26. Nc5+ Ke7 27. Kh1 Bxg3 28. Rf1 Rb8 29. h4 Na4 30. Nxa4 bxa4 31. Bh3 Bxh4 32. b3 axb3 33. Rb2 Rg3 0-1

[Event "Gibraltar Masters 9th"]
[Site "Caleta"]
[Date "2011.01.27"]
[Round "3"]
[White "Andersen, Mads"]
[Black "Dasaolu, Adeoye"]
[Result "1-0"]
[WhiteElo "2410"]
[BlackElo "2107"]
[PlyCount "47"]
[EventDate "2011.01.25"]
[EventType "swiss"]
[EventRounds "10"]
[EventCountry "GGB"]
[SourceTitle "CBM 141"]
[Source "ChessBase"]
[SourceDate "2011.03.17"]
[SourceVersion "1"]
[SourceVersionDate "2011.03.17"]
[SourceQuality "1"]

1. d4 Nf6 2. c4 e6 3. g3 d5 4. Nf3 dxc4 5. Bg2 c5 6. 0-0 Nc6 7. Qa4 Qb6 8. dxc5 Qxc5 9. Na3 Bd7 10. Qxc4 Rc8 11. Rd1 Qb6 12. Qh4 Be7 13. Nc4 Qb4 14. b3 Qb5 15. Bg5 h6 16. Nd6+ Bxd6 17. Rxd6 Ke7 18. Bxf6+ gxf6 19. Rad1 Rc7 20. e4 Ne5 21. Nd4 Qc5 22. Nf5+ Kf8 23. Qxf6 Qxf2+ 24. Kh1 1-0

[Event "Gibraltar Challengers-B 8th"]
[Site "Caleta"]
[Date "2010.02.03"]
[Round "4"]
[White "Martinez Rodriguez, Pablo"]
[Black "Dasaolu, Adeoye"]
[Result "1-0"]
[WhiteElo "2234"]
[BlackElo "2068"]
[PlyCount "71"]
[EventDate "2010.01.31"]
[EventType "swiss"]
[EventRounds "5"]
[EventCountry "GGB"]
[SourceTitle "EXT 2011"]
[Source "ChessBase"]
[SourceDate "2010.11.26"]
[SourceVersion "1"]
[SourceVersionDate "2010.11.26"]
[SourceQuality "1"]

1. Nf3 Nf6 2. b3 c5 3. Bb2 b6 4. g3 Bb7 5. Bg2 e6 6. 0-0 d6 7. c4 Be7 8. Nc3 0-0 9. d4 cxd4 10. Qxd4 Nbd7 11. Rad1 a6 12. h3 Qc7 13. g4 Qc5 14. Na4 Qxd4 15. Nxd4 Bxg2 16. Kxg2 Rfc8 17. f4 Rab8 18. Nc3 Nc5 19. Kf3 g6 20. e4 Nfd7 21. Rd2 g5 22. f5 Ne5+ 23. Ke3 Nc6 24. Nxc6 Rxc6 25. fxe6 fxe6 26. e5 Nd7 27. Ne4 Nxe5 28. Bxe5 dxe5 29. Rd7 Re8 30. Nf6+ Bxf6 31. Rxf6 b5 32. Rff7 h6 33. Rg7+ Kh8 34. Rh7+ Kg8 35. Rdg7+ Kf8 36. Rb7 1-0

[Event "Gibraltar Masters 8th"]
[Site "Caleta"]
[Date "2010.02.03"]
[Round "9"]
[White "Tscharotschkin, Michael"]
[Black "Dasaolu, Adeoye"]
[Result "1-0"]
[WhiteElo "2211"]
[BlackElo "2068"]
[PlyCount "91"]
[EventDate "2010.01.26"]
[EventType "swiss"]
[EventRounds "10"]
[EventCountry "GGB"]
[SourceTitle "CBM 134 Extra"]
[Source "ChessBase"]
[SourceDate "2010.03.03"]
[SourceVersion "1"]
[SourceVersionDate "2010.03.03"]
[SourceQuality "1"]

1. e4 e6 2. d4 c5 3. c3 d5 4. exd5 Qxd5 5. Nf3 Nf6 6. Na3 cxd4 7. Nb5 Na6 8. Nbxd4 Be7 9. Bb5+ Bd7 10. Bxd7+ Nxd7 11. 0-0 0-0 12. Qe2 Nf6 13. Be3 Nc7 14. Rfd1 Qh5 15. Nb3 Ncd5 16. h3 Rfc8 17. Rd4 Nxe3 18. Qxe3 Qb5 19. Rad1 a5 20. R4d2 h6 21. Nbd4 Qc5 22. Ne5 Qb6 23. Nf5 Qc5 24. Nxe7+ Qxe7 25. Nd7 Rd8 26. Nxf6+ Qxf6 27. Qb6 Rxd2 28. Rxd2 Qe7 29. Qb5 Qc7 30. Rd7 Qf4 31. g3 Qc1+ 32. Kg2 Qb1 33. Qxb7 Rf8 34. a3 Qc2 35. Qb6 Kh7 36. Qd6 Qe4+ 37. Kh2 Qa8 38. c4 Kg8 39. b4 Qf3 40. Qd2 Qxa3 41. bxa5 Qc5 42. Rd8 Rxd8 43. Qxd8+ Kh7 44. Qb6 Qxc4 45. a6 h5 46. a7 1-0

[Event "Gibraltar Masters 8th"]
[Site "Caleta"]
[Date "2010.01.31"]
[Round "6"]
[White "Dasaolu, Adeoye"]
[Black "Kantans, Toms"]
[Result "0-1"]
[WhiteElo "2068"]
[BlackElo "2304"]
[PlyCount "84"]
[EventDate "2010.01.26"]
[EventType "swiss"]
[EventRounds "10"]
[EventCountry "GGB"]
[SourceTitle "CBM 134 Extra"]
[Source "ChessBase"]
[SourceDate "2010.03.03"]
[SourceVersion "1"]
[SourceVersionDate "2010.03.03"]
[SourceQuality "1"]

1. Nf3 c5 2. c4 Nc6 3. g3 g6 4. Bg2 Bg7 5. 0-0 e5 6. Nc3 Nge7 7. d3 0-0 8. Nd5 d6 9. Rb1 Rb8 10. a3 b5 11. Bg5 bxc4 12. dxc4 Bf5 13. Qa4 f6 14. Bd2 Bxb1 15. Rxb1 e4 16. Ne1 f5 17. b4 cxb4 18. Nxe7+ Nxe7 19. axb4 Nc8 20. Rc1 Qe8 21. Qa2 Qf7 22. Nc2 Nb6 23. Na3 Rfc8 24. Bf1 Nd7 25. Rc2 Ne5 26. Kg2 d5 27. cxd5 Rxc2 28. Nxc2 Rd8 29. Ne3 g5 30. Qa5 Rd7 31. f4 gxf4 32. gxf4 Ng6 33. Be1 Nxf4+ 34. Kh1 Bd4 35. Qa3 Qg6 36. Bg3 Nh5 37. Bb8 f4 38. Bh3 Rg7 39. Be6+ Kh8 40. Ng4 Nf6 41. Qa6 Rg8 42. Bxg8 Qxg4 0-1

[Event "Gibraltar Masters 8th"]
[Site "Caleta"]
[Date "2010.01.29"]
[Round "4"]
[White "Reizniece Ozola, Dana"]
[Black "Dasaolu, Adeoye"]
[Result "0-1"]
[WhiteElo "2341"]
[BlackElo "2068"]
[PlyCount "178"]
[EventDate "2010.01.26"]
[EventType "swiss"]
[EventRounds "10"]
[EventCountry "GGB"]
[SourceTitle "CBM 134 Extra"]
[Source "ChessBase"]
[SourceDate "2010.03.03"]
[SourceVersion "1"]
[SourceVersionDate "2010.03.03"]
[SourceQuality "1"]

1. c4 Nf6 2. Nc3 c5 3. g3 Nc6 4. Bg2 d6 5. Nf3 e6 6. 0-0 Be7 7. d4 Nxd4 8. Nxd4 cxd4 9. Qxd4 0-0 10. e4 a6 11. b3 Qc7 12. Bb2 b6 13. h3 Bb7 14. Rac1 Rab8 15. Kh2 Rfd8 16. f4 Ba8 17. f5 Qc5 18. Qd2 Rbc8 19. Qe2 Re8 20. Na4 Qc7 21. fxe6 fxe6 22. Bd4 Nd7 23. Qh5 Bf6 24. Be3 Nc5 25. Nxc5 bxc5 26. Rf2 Bd4 27. Bxd4 cxd4 28. Rcf1 e5 29. h4 g6 30. Qg5 Rf8 31. Rxf8+ Rxf8 32. Rxf8+ Kxf8 33. Qf6+ Qf7 34. Qxd6+ Qe7 35. Qb8+ Qe8 36. Qd6+ Qe7 37. Qxa6 Bb7 38. Qb5 Kg7 39. c5 Qc7 40. a4 Bc6 41. Qd3 Qb7 42. Qc2 Qb4 43. Bf1 Qe1 44. Bd3 h6 45. Kg2 g5 46. hxg5 hxg5 47. Be2 Kf6 48. a5 Qxa5 49. Kf2 Qb4 50. Bd3 Ke7 51. Ke2 Kf6 52. Kd1 Ke7 53. Kc1 Qe1+ 54. Kb2 Qxg3 55. b4 Qe1 56. b5 Qb4+ 57. Qb3 Qxc5 58. bxc6 Qxc6 59. Qb4+ Qd6 60. Qxd6+ Kxd6 61. Be2 Kc5 62. Kc2 Kb4 63. Bg4 Kc4 64. Be6+ Kb4 65. Kd3 Kb5 66. Bg4 Kb4 67. Bd1 Kb5 68. Be2 Kb4 69. Kd2 Kb3 70. Bd1+ Kc4 71. Be2+ Kb3 72. Kd3 Kb4 73. Bh5 Kb3 74. Bg4 Kb4 75. Bc8 Kb3 76. Bd7 Kb4 77. Be6 Kb5 78. Ke2 Kb4 79. Kd3 Kb5 80. Bh3 Kb4 81. Kd2 Kc4 82. Bf1+ Kb3 83. Ke2 Kc2 84. Kf3 Kd2 85. Kg4 Ke3 86. Kf5 g4 87. Kxe5 g3 88. Kf5 d3 89. e5 d2 0-1

[Event "Gibraltar Challengers"]
[Site "Gibraltar"]
[Date "2009.02.01"]
[Round "1"]
[White "Kandic, Milan"]
[Black "Dasaolu, Adeoye"]
[Result "1/2-1/2"]
[WhiteElo "2208"]
[BlackElo "2024"]
[PlyCount "96"]
[EventDate "2009.02.01"]
[EventType "swiss"]
[EventRounds "5"]
[EventCountry "ENG"]
[SourceTitle "CBM 128 Extra"]
[Source "ChessBase"]
[SourceDate "2009.03.05"]
[SourceVersion "2"]
[SourceVersionDate "2009.03.25"]
[SourceQuality "1"]

1. d4 Nf6 2. Nc3 d5 3. Bg5 Bf5 4. Nf3 e6 5. Nh4 h6 6. Nxf5 hxg5 7. Ng3 Bd6 8. Qd3 a6 9. e4 Bxg3 10. fxg3 Nxe4 11. Nxe4 dxe4 12. Qxe4 Qd5 13. Qxd5 exd5 14. Bd3 Nc6 15. c3 Rh6 16. 0-0-0 Ke7 17. Rde1+ Re6 18. Bf5 Rxe1+ 19. Rxe1+ Kd6 20. h4 gxh4 21. gxh4 Rh8 22. g3 Ne7 23. Bd3 Rh6 24. Rf1 Ke6 25. Be2 f5 26. h5 g6 27. g4 gxh5 28. gxh5 Kf6 29. Kd2 Kg7 30. Bd1 Re6 31. Bc2 Rb6 32. b3 Rf6 33. Ke3 Kh6 34. Bd1 Re6+ 35. Kd3 Kg5 36. Kd2 Re4 37. Rh1 Kh6 38. Bf3 Re6 39. c4 c6 40. Rg1 b6 41. Rg2 a5 42. Rg1 Kh7 43. Rc1 Kh6 44. Rg1 Kh7 45. Rg3 Kh6 46. Rg2 Kh7 47. Rg3 Kh6 48. Rg1 Kh7 1/2-1/2

[Event "Gibraltar Challengers1"]
[Site "Gibraltar"]
[Date "2009.01.28"]
[Round "2"]
[White "Dasaolu, Adeoye"]
[Black "Palacios Pena, Gerardo"]
[Result "1-0"]
[WhiteElo "2024"]
[BlackElo "1849"]
[PlyCount "79"]
[EventDate "2009.01.27"]
[EventType "tourn"]
[EventRounds "5"]
[EventCountry "ENG"]
[SourceTitle "EXT 2010"]
[Source "ChessBase"]
[SourceDate "2010.11.25"]
[SourceVersion "1"]
[SourceVersionDate "2010.11.25"]
[SourceQuality "1"]

1. Nf3 c6 2. c4 d5 3. Qc2 Nf6 4. d4 g6 5. Bf4 Bg7 6. h3 0-0 7. e3 Bf5 8. Qb3 Qb6 9. c5 Qxb3 10. axb3 Nbd7 11. g4 Bxb1 12. Rxb1 Ne4 13. b4 a6 14. Bd3 Rfe8 15. Ne5 Nef6 16. Kd2 Nxe5 17. Bxe5 Nd7 18. Bxg7 Kxg7 19. f4 f6 20. f5 e5 21. Rbf1 e4 22. Be2 g5 23. h4 h6 24. Rh2 Rh8 25. Kc3 Rac8 26. Kb3 Nb8 27. Ka4 Nd7 28. Ka5 Ra8 29. Rfh1 Rab8 30. hxg5 hxg5 31. Rxh8 Rxh8 32. Rxh8 Kxh8 33. Bxa6 bxa6 34. Kxa6 Ne5 35. b5 cxb5 36. Kxb5 Nxg4 37. c6 Nxe3 38. c7 g4 39. c8Q+ Kg7 40. Qc1 1-0

[Event "Gibraltar Challengers"]
[Site "Gibraltar"]
[Date "2008.01.26"]
[Round "5"]
[White "Dasaolu, Adeoye"]
[Black "Revesz, Kinga"]
[Result "1-0"]
[WhiteElo "2064"]
[BlackElo "2026"]
[PlyCount "67"]
[EventDate "2008.01.22"]
[EventType "swiss"]
[EventRounds "5"]
[EventCountry "ENG"]
[SourceTitle "CBM 122 Extra"]
[Source "ChessBase"]
[SourceDate "2008.03.04"]
[SourceVersion "1"]
[SourceVersionDate "2008.03.04"]
[SourceQuality "1"]

1. Nf3 d5 2. d4 Nf6 3. Bg5 e6 4. e3 Be7 5. c4 c6 6. Nc3 Nbd7 7. Rc1 0-0 8. Qc2 Nh5 9. h4 f5 10. Bd3 Ndf6 11. Ne5 Ne4 12. Qd1 Nhf6 13. Bf4 Nd7 14. h5 Nxe5 15. Bxe5 Bd6 16. Bxd6 Qxd6 17. Bxe4 fxe4 18. h6 g6 19. Qb3 b6 20. cxd5 exd5 21. Nxe4 Qe6 22. Ng3 Ba6 23. Qc3 Rf6 24. f3 Raf8 25. Kd2 g5 26. Qa3 Bb5 27. Qxa7 Rxh6 28. b3 Qg6 29. e4 Rxh1 30. Rxh1 c5 31. a4 Bc6 32. Nf5 Kh8 33. Rh6 Qf7 34. Qxf7 1-0

[Event "BCF-chT4 0304 (4NCL)"]
[Site "West Bromwich "]
[Date "2004.01.25"]
[Round "4.4"]
[White "Dasaolu, Adeoye"]
[Black "Smallbone, Kieran"]
[Result "0-1"]
[WhiteElo "1920"]
[BlackElo "2147"]
[PlyCount "104"]
[EventDate "2003.10.??"]
[EventType "team"]
[EventRounds "11"]
[EventCountry "ENG"]
[SourceTitle "EXT 2005"]
[Source "ChessBase"]
[SourceDate "2004.11.15"]
[SourceVersion "1"]
[SourceVersionDate "2004.11.15"]
[SourceQuality "1"]
[WhiteTeam "Hilsmark Kingfisher II"]
[BlackTeam "Oxford"]
[WhiteTeamCountry "ENG"]
[BlackTeamCountry "ENG"]

1. Nf3 d5 2. d4 Nf6 3. Bg5 Ne4 4. Bh4 c5 5. c3 Nc6 6. e3 Qb6 7. Qb3 c4 8. Qxb6 axb6 9. Nbd2 Nxd2 10. Nxd2 b5 11. e4 e6 12. Be2 b4 13. 0-0 Bd6 14. Bg3 Bxg3 15. hxg3 bxc3 16. bxc3 Ra3 17. Nb1 Ra5 18. Bf3 Ne7 19. Nd2 Bd7 20. Rfb1 Bc6 21. Rb2 Kd7 22. exd5 exd5 23. Re1 Rha8 24. Nxc4 dxc4 25. Bxc6+ Nxc6 26. Rxb7+ Kd6 27. Rxf7 R8a7 28. Rf4 Rxa2 29. d5 Ra1 30. Kf1 Rxe1+ 31. Kxe1 Kxd5 32. Rf5+ Ke4 33. Rf3 Ra1+ 34. Ke2 Ra2+ 35. Kd1 Ne5 36. Re3+ Kf5 37. Re2 Rxe2 38. Kxe2 Ke4 39. f3+ Kd5 40. Ke3 Nd3 41. g4 Nc5 42. g3 Na4 43. Kd2 Ke5 44. Kc2 Nb6 45. Kc1 Nd5 46. Kd2 Ke6 47. Kc2 Ne3+ 48. Kd2 Nf1+ 49. Ke2 Nxg3+ 50. Kf2 Nf5 51. gxf5+ Kxf5 52. Ke3 h5 0-1